LEADER 01246nam0 22002771i 450 001 UON00529257 005 20250903092524.830 100 $a20250902d1982 |0itac50 ba 101 $afre 102 $aFR 105 $a|||| ||||| 200 1 $aˆLe ‰ livre conquérant$eDu Moyen Age au milieu du XVII siècle$fsous la direction Henri-Jean Martin et Roger Chartier en collaboration avec Jean-Pierre Vivet 210 $aParis$cPromodis$d1982 215 $a629 p.$cill. , c. di tav.$d30 cm 500 1$3UON00529256$a Histoire de l'édition française / sous la direction de Henri-Jean Martin et Roger Chartier en collaboration avec Jean-Piesrre Vivet$9941673 606 $aEdizione francese$xStoria$3UONC105053$2FI 620 $aFR$dParis$3UONL002984 702 1$aChartier$bRoger$3UONV106054 702 1$aMartin$bHenri-Jean$3UONV120654 702 1$aVivet$bRoger$3UONV297699 801 $aIT$bSOL$c20250905$gRICA 899 $aSIBA - SISTEMA BIBLIOTECARIO DI ATENEO$2UONSI 912 $aUON00529257 950 $aSIBA - SISTEMA BIBLIOTECARIO DI ATENEO$dSI BIB A 0471/I $eSI FP 5246 7 0471/I $sBuono 996 $aHistoire de l'édition française$9941673 997 $aUNIOR